000 01009nam a2200277Ia 4500
003 OSt
005 20221005103259.0
006 a|||||r|||| 00| 0
007 ta
008 221004b |||||||| |||| 00| 0 hin d
020 _a9789380462240 (hbk)
_cINR 350.00
024 _a66001
037 _b299, 29/01/2020, Eastern Book Linkers
_cTextual
040 _aCRL
_cCRL
_bhin
041 _2hin
_ahin
082 _aO152,3N48,BK, Q3
100 _aशर्मा, यशपाल, ले.
245 0 _aबुद्ध की ज्ञान गंगा
246 _aBuddha kī jnyān gangā
260 _aगाजियाबाद
_bलता साहित्य भारत
_c2013
300 _a135पृ0
_ccm.
650 _a हिन्दी साहित्य
650 _aहिन्दी कहानी
942 _hO152,3N48,BK, Q3
_cTEXL
_2cc
999 _c1009784
_d1009784